000 00668nam a2200277Ia 4500
001 Z_1066
003 CHAP
008 220113s1989 xx 000 0 und d
010 _a164146
040 _cCHAP
082 _a581.69 G6
100 _aGonzález Stuart, Armando E
_949439
245 _aPlantas tóxicas para el ganado /
_cpor Armando E. González Stuart
260 _aMéxico, D. F. :
_bLimusa,
_c1989
300 _a273 p. :
_bilus
440 _a
500 _a
503 _aC/E
650 _aPlantas venenosas para el ganado I. t.
_9138221
901 _a581.69 G6
902 _aA
910 _a1989
942 _c1
942 _cc1
999 _c164146
_d164146